| 000 | 00623nam a2200241 a 4500 | ||
|---|---|---|---|
| 005 | 20210219152935.0 | ||
| 008 | 991125n 000 0 u | ||
| 035 | _aUPN01000067932 | ||
| 100 | _aMontgomery, Diane | ||
| 222 | _aJOURNAL OF CREATIVE BEHAVIOR | ||
| 245 | _aCollege level creativity course content | ||
| 300 | _a228-234 | ||
| 362 | _a26, No. 4, 1992 | ||
| 505 | _aAgosto 1993 | ||
| 653 | 0 | _aCONTENIDO DEL CURSO | |
| 653 | 0 | _aCREATIVIDAD | |
| 653 | 0 | _aDESARROLLO CREATIVO | |
| 653 | 0 | _aMODELOS | |
| 700 | _aBull, Kay S. | ||
| 700 | _aBaloche, Lynda | ||
| 904 |
_aAC _b005743 |
||
| 905 | _aArticulo | ||
| 999 |
_c64264 _d64264 |
||